Largest Lakes entirely within Canada - Statistics

General Stats
  • This quiz has been taken 19 times
  • The average score is 6 of 10
Answer Stats
Hint Answer % Correct
Northwest Territories 28,568 km2 (11,030 sq mi) Great Slave Lake
100%
Northwest Territories 31,328 km2 (12,096 sq mi) Great Bear Lake
94%
Manitoba 24,387 km2 (9,416 sq mi) Lake Winnipeg
94%
Alberta/Saskatchewan 7,935 km2 (3,064 sq mi) Lake Athabasca
81%
Ontario 4,848 km2 (1,872 sq mi) Lake Nipigon
63%
Manitoba 5,374 km2 (2,075 sq mi) Lake Winnipegosis
63%
Manitoba 4,624 km2 (1,785 sq mi) Lake Manitoba
56%
Saskatchewan/Manitoba 6,650 km2 (2,570 sq mi) Reindeer Lake
25%
Newfoundland and Labrador 6,527 km2 (2,520 sq mi) Smallwood Reservoir
25%
Nunavut 5,542 km2 (2,140 sq mi) Nettilling Lake
19%
No matching quizzes found
Score Distribution
Percent of People with Each Score
Percentile by Number Answered
Your Score History
You have not taken this quiz